Tres deseos (Registro nro. 12974)

Detalles MARC
000 - LÍDER
campo de control de longitud fija 01455nam a22002657a 4500
003 - IDENTIFICADOR DE NÚMERO DE CONTROL
campo de control OSt
005 - FECHA Y HORA DE LA ÚLTIMA TRANSACCIÓN
campo de control 20210818181850.0
008 - ELEMENTOS DE DATOS DE LONGITUD FIJA - INFORMACIÓN GENERAL
campo de control de longitud fija 180129s2010 sp gr 000 fdspa d
020 ## - INTERNATIONAL STANDARD BOOK NUMBER
International Standard Book Number 9788427200272
040 ## - FUENTE DE CATALOGACIÓN
Lenguaje de catalogación spa
041 ## - CÓDIGO DE LENGUAJE
Código de idioma de texto / pista de sonido o título separado spa
Código de idioma del original eng
082 04 - NÚMERO DE CLASIFICACIÓN DECIMAL DEWEY
Número de clasificación 813.5
Número de artículo P359t
100 1# - ENTRADA PRINCIPAL - NOMBRE PERSONAL
9 (RLIN) 51607
Nombre de la persona Pearce, Jackson
245 10 - TÍTULO DECLARACIÓN
Título Tres deseos
Resto del título una novela mágica
Declaración de responsabilidad Jackson Pearce ; traducción de Noemí Risco
260 ## - PUBLICACIÓN, DISTRIBUCIÓN
Lugar de publicación Barcelona
Nombre del editor RBA Libros, S. A.
-- Molino
Fecha de publicación 2010
300 ## - DESCRIPCIÓN FÍSICA
Alcance 300 páginas
500 ## - NOTA GENERAL
Nota general Subtítulo tomado de la caratula del libro
501 ## - Con nota
Con nota Desde que su novio rompió con ella, Viola ha pasado los días deseando en silencio volver a tener a alguien que la quiera y, lo que es más importante, volver a ser parte de algo. Hasta que un día, sin darse cuenta, llama a un genio de otro mundo, que se quedará en el suyo hasta que la chica pida tres deseos. Genio está ansioso por regresar a su casa, pero a Viola le aterra desear, tiene miedo de no pedir lo correcto. Conforme los dos van pasando tiempo juntos, la línea entre amo y criado empieza a desdibujarse y Genio no tardará en reconocer que está enamorado de Viola.
534 ## - NOTA DE VERSIÓN ORIGINAL
Frase introductoria Título original:
Declaración de título del original As you wish
650 #0 - ENTRADA DE SUJETO AÑADIDO - TÉRMINO TÓPICO
9 (RLIN) 24761
Término tópico o elemento de entrada del nombre geográfico Novela Amorosa
650 #0 - ENTRADA DE SUJETO AÑADIDO - TÉRMINO TÓPICO
9 (RLIN) 51608
Término tópico o elemento de entrada del nombre geográfico Deseos
Subdivisión de forma Literatura Juvenil
650 #0 - ENTRADA DE SUJETO AÑADIDO - TÉRMINO TÓPICO
9 (RLIN) 50951
Término tópico o elemento de entrada del nombre geográfico Novela Fantástica Norteamericana
700 ## - ENTRADA AGREGADA - NOMBRE PERSONAL
9 (RLIN) 49238
Nombre de la persona Risco, Noemi
Término del Relator traductora
942 ## - ELEMENTOS DE ENTRADA AGREGADOS (KOHA)
Fuente de clasificación o esquema de estanterías Dewey Decimal Classification
Parte de clasificación 813.5 P359t
Prefijo del número de llamada 813.5
Sufijo del número de llamada P359t
Existencias
Estado de retirada Pérdida de estatus Fuente de clasificación o esquema de estanterías Estado dañado No para préstamo Código de recogida Ubicación permanente Ubicación actual Ubicación de las estanterías Fecha de adquisición Total de Cajas Número Topográfico Código de barras Precio efectivo desde Número de copia Fecha de la última salida Fecha de la última vez que se vio Tipo de artículo Koha
    Dewey Decimal Classification     General Biblioteca Pública Departamental Comfamiliar Risaralda Biblioteca Pública Departamental Comfamiliar Risaralda Área General 29/01/2018 9 813.5 P359t 1001915 29/01/2018 Ej. 1 25/07/2019 08/08/2019 Libro